00654nam a2200217 4500003001100000005001700011008004100028020001500069040003900084041000800123082001700131100002200148110001900170245005100189260005100240300006400291650001800355650001200373650002100385650003000406LK-CoMWRAF20230912051800.0230912b2002 |||||||| |||| 00| 0 eng d a0300094221 aLK-CoMWRAFdLK-CoMWRAFeLK-CoMWRAF aeng a909.097bBLO aBloom , Jonathan  aBlair, Sheila  aIslam : bA thousand years of faith and power  aNew Haven ; London : bYale Nota Bene, c2002 a268 p., [32] p. of plates : col. ill., maps,ports. ; 20 cm. a Civilization aIslamic aIslam -- History aIslamic Empire -- History